The tabernacle in the wilderness. (Record no. 16534)

000 -LEADER
fixed length control field 00722nam a2200217 a 4500
001 - CONTROL NUMBER
control field :::00019505$&:&@@
003 - CONTROL NUMBER IDENTIFIER
control field OkBaRHE
005 - DATE AND TIME OF LATEST TRANSACTION
control field 20100108131947.0
008 - FIXED-LENGTH DATA ELEMENTS--GENERAL INFORMATION
fixed length control field s1982 j 000 0 eng u
020 ## - INTERNATIONAL STANDARD BOOK NUMBER
International Standard Book Number 0825436168 (pbk.)
040 ## - CATALOGING SOURCE
Transcribing agency
100 1# - MAIN ENTRY--PERSONAL NAME
Personal name Ritchie, John, 1853-1930.
245 14 - TITLE STATEMENT
Title The tabernacle in the wilderness.
260 ## - PUBLICATION, DISTRIBUTION, ETC. (IMPRINT)
Place of publication, distribution, etc Kilmarnock, UK:ST., :
Name of publisher, distributor, etc J. Ritchie
Date of publication, distribution, etc 1982
300 ## - PHYSICAL DESCRIPTION
Extent 120 p. : illus. ;
Dimensions 19 cm.
490 0# - SERIES STATEMENT
Series statement John Ritchie memorial library.
650 ## - SUBJECT ADDED ENTRY--TOPICAL TERM
Topical term or geographic name as entry element Tabernacle
General subdivision Typology.
650 ## - SUBJECT ADDED ENTRY--TOPICAL TERM
Topical term or geographic name as entry element Typology (Theology).
942 ## - ADDED ENTRY ELEMENTS (KOHA)
Source of classification or shelving scheme
Koha item type Books
Copies
Copy number Lost status Not for loan Full call number Shelving location Date checked out Date acquired Permanent Location Current Location Total Checkouts Barcode Damaged status Koha item type Withdrawn status Price effective from Date last seen Source of classification or shelving scheme
1  BM 654 .R6General Stacks2010-12-152010-04-14RHEMA Bible Training CollegeRHEMA Bible Training College119505 Books 2010-04-142018-01-09